Hartsfield-Jackson Atlanta International Airport Destinations - Statistics

General Stats
  • This quiz has been taken 89 times
    58 since last reset
  • The average score is 120 of 219
Answer Stats
Hint Answer % Correct
American Airlines, Delta Air Lines, Frontier Airlines, Spirit Airlines Dallas/Fort Worth
86%
Delta Air Lines, Southwest Airlines Dallas-Love
86%
Air France, Delta Air Lines Paris
86%
Delta Air Lines, Southwest Airlines Jackson (MS)
84%
Southern Airways Express Jackson (TN)
84%
Alaska Airlines, Delta Air Lines Seattle/Tacoma
84%
Delta Air Lines, KLM Amsterdam
81%
American Airlines, American Eagle, Delta Air Lines Charlotte
81%
Delta Air Lines, Southwest Airlines Houston-Hobby
81%
Delta Air Lines, Frontier Airlines, Spirit Airlines, United Airlines, United Express Houston-Intercontinental
81%
American Airlines, American Eagle, Delta Air Lines, Frontier Airlines, Southwest Airlines, Spirit Airlines Miami
81%
Delta Air Lines, JetBlue New York-JFK
81%
American Airlines, American Eagle, Delta Air Lines, Frontier Airlines, JetBlue, Southwest Airlines New York-LaGuardia
81%
Delta Air Lines, Frontier Airlines, Southwest Airlines, Spirit Airlines Orlando
81%
Delta Air Lines, Frontier Airlines Portland (ME)
81%
Delta Air Lines Portland (OR)
81%
Delta Air Lines, Southwest Airlines San Diego
81%
Delta Air Lines San Jose (CA)
81%
Delta Air Lines, Frontier Airlines San Jose (CR)
81%
Delta Air Lines, Frontier Airlines, Southwest Airlines, Spirit Airlines Tampa
81%
Air Canada Express, Delta Air Lines Toronto
81%
Delta Air Lines, Frontier Airlines, Southwest Airlines, Spirit Airlines Austin
78%
Delta Air Lines, Frontier Airlines, Southwest Airlines Chicago-Midway
78%
American Airlines, American Eagle, Delta Air Lines, Spirit Airlines, United Airlines, United Express Chicago-O'Hare
78%
Delta Connection Columbus (GA)
78%
Delta Connection Columbus (MS)
78%
Delta Air Lines, Southwest Airlines Columbus (OH)
78%
Delta Air Lines, Frontier Airlines, Southwest Airlines, Spirit Airlines, United Airlines, United Express Denver
78%
Turkish Airlines Istanbul
78%
British Airways, Delta Air Lines, Virgin Atlantic London
78%
Copa Airlines, Delta Air Lines Panama City
78%
American Airlines, Delta Air Lines, Frontier Airlines, Southwest Airlines Phoenix
78%
Delta Air Lines, Frontier Airlines, Southwest Airlines San Antonio
78%
Delta Air Lines, Frontier Airlines, United Airlines San Francisco
78%
Delta Air Lines, Southwest Airlines, United Airlines, United Express Washington-Dulles
78%
American Airlines, American Eagle, Delta Air Lines, Southwest Airlines Washington-National
78%
Delta Air Lines, Frontier Airlines, Southwest Airlines, Spirit Airlines Baltimore
76%
Delta Air Lines, Frontier Airlines Cincinnati
76%
Delta Air Lines, Southwest Airlines Jacksonville (FL)
76%
Delta Air Lines Jacksonville (NC)
76%
Delta Air Lines Mexico City
76%
Delta Air Lines, Spirit Airlines Minneapolis/Saint Paul
76%
Air Canada Express, Delta Air Lines, Delta Connection Montréal
76%
Delta Air Lines, Southwest Airlines Nashville
76%
Delta Air Lines, Spirit Airlines, United Airlines, United Express Newark
76%
Delta Air Lines, Frontier Airlines, Southwest Airlines, Spirit Airline New Orleans
76%
Delta Air Lines, Frontier Airlines, Southwest Airlines St. Louis
76%
Delta Air Lines Tokyo
76%
Delta Air Lines Albuquerque
73%
Delta Air Lines, JetBlue, Spirit Airlines Boston
73%
Delta Air Lines, Frontier Airlines, Southwest Airlines, Spirit Airlines Cleveland
73%
Delta Air Lines, Lufthansa Frankfurt
73%
Delta Air Lines Honolulu
73%
Delta Air Lines, Frontier Airlines, Southwest Airlines, Spirit Airlines Las Vegas
73%
American Airlines, Delta Air Lines, Southwest Airlines, Spirit Airlines Los Angeles
73%
Delta Air Lines, Southwest Airlines Memphis
73%
American Airlines, American Eagle, Delta Air Lines, Frontier Airlines, Southwest Airlines, Spirit Airlines Philadelphia
73%
Delta Air Lines Rome
73%
Delta Air Lines, Korean Air Seoul
73%
Delta Air Lines Barcelona
70%
Delta Air Lines, Frontier Airlines, Southwest Airlines Detroit
70%
Delta Air Lines El Paso
70%
Delta Air Lines, Frontier Airlines, JetBlue, Southwest Airlines, Spirit Airlines Fort Lauderdale
70%
Delta Air Lines, Southwest Airlines Indianapolis
70%
Delta Air Lines, Southwest Airlines Kansas City
70%
Delta Air Lines, Southwest Airlines Louisville
70%
Delta Air Lines Madrid
70%
Delta Connection Montgomery
70%
Delta Air Lines, Southwest Airlines Richmond
70%
Delta Air Lines Sacramento
70%
Delta Air Lines Salt Lake City
70%
WestJet Vancouver
70%
Delta Air Lines Birmingham
68%
Delta Air Lines, Frontier Airlines Buffalo
68%
Delta Air Lines Charleston (SC)
68%
Delta Connection Charleston (WV)
68%
Delta Air Lines Dublin
68%
Delta Air Lines, LATAM Lima
68%
Virgin Atlantic Manchester
68%
Delta Air Lines Milan
68%
Delta Air Lines, Frontier Airlines Nassau
68%
Delta Air Lines, Delta Connection, Southwest Airlines Oklahoma City
68%
Delta Air Lines, Southwest Airlines Pittsburgh
68%
Delta Air Lines, Frontier Airlines, Southwest Airlines Raleigh/Durham
68%
Delta Air Lines Rio de Janeiro
68%
Spirit Airlines San Juan
68%
Delta Connection Albany (GA)
65%
Delta Air Lines Albany (NY)
65%
Delta Air Lines Anchorage
65%
Delta Air Lines Athens
65%
Delta Air Lines Bogotá
65%
WestJet Calgary
65%
Delta Air Lines, Frontier Airlines, Southwest Airlines Cancún
65%
Delta Air Lines Des Moines
65%
Delta Air Lines, Delta Connection Knoxville
65%
Delta Air Lines, Southwest Airlines Little Rock
65%
Delta Air Lines Munich
65%
Delta Air Lines Rochester
65%
Delta Air Lines Dayton
62%
Delta Air Lines Guadalajara
62%
Delta Air Lines, Frontier Airlines Hartford
62%
Delta Air Lines, Southwest Airlines Milwaukee
62%
Delta Air Lines, Frontier Airlines Providence
62%
Delta Air Lines Tallahassee
62%
Delta Air Lines Tucson
62%
Delta Air Lines Wichita
62%
Delta Air Lines Colorado Springs
59%
Delta Air Lines Greensboro
59%
Delta Air Lines, Southwest Airlines Norfolk
59%
Delta Air Lines, Southwest Airlines Omaha
59%
Delta Air Lines Baton Rouge
57%
Delta Air Lines Boise
57%
Delta Air Lines Buenos Aires
57%
Qatar Airways Doha
57%
Delta Air Lines, Southwest Airlines Fort Myers
57%
Delta Air Lines, Delta Connection Key West
57%
Delta Air Lines, Delta Connection Lexington
57%
Delta Air Lines, Delta Connection Mobile
57%
Delta Air Lines Monterrey
57%
Delta Air Lines Spokane
57%
Delta Air Lines Tulsa
57%
Delta Air Lines Guatemala City
54%
Delta Air Lines Syracuse
54%
Delta Connection Augusta
51%
Delta Air Lines Grand Rapids
51%
Delta Air Lines, Frontier Airlines Kingston
51%
Delta Air Lines Madison
51%
Delta Air Lines Sioux Falls
51%
Delta Air Lines, Delta Connection Springfield/Branson
51%
Delta Air Lines, Delta Connection Columbia
49%
Delta Air Lines Huntsville
49%
Delta Air Lines Puerto Vallarta
49%
Delta Air Lines, Frontier Airlines Punta Cana
49%
Delta Air Lines, Frontier Airlines, Southwest Airlines West Palm Beach
49%
Delta Air Lines, Delta Connection Wilmington
49%
Delta Air Lines, Delta Connection Chattanooga
46%
Delta Air Lines Edinburgh
46%
Delta Connection Fargo
46%
Delta Air Lines, Delta Connection Fayetteville/Bentonville
46%
Delta Air Lines, Delta Connection Fayetteville (NC)
46%
Delta Connection Fort Wayne
46%
Delta Air Lines Johannesburg
46%
Delta Air Lines Myrtle Beach
46%
Delta Air Lines Asheville
43%
Delta Air Lines Bermuda
43%
Delta Air Lines Cape Town
43%
Delta Air Lines Green Bay
43%
Delta Air Lines, Southwest Airlines Greenville/Spartanburg
43%
Delta Air Lines Harrisburg
43%
Delta Air Lines Orange County
43%
Delta Air Lines, Southwest Airlines Pensacola
43%
Delta Air Lines Quito
43%
Delta Air Lines San Jose del Cabo
43%
Delta Connection Shreveport
43%
Delta Air Lines Belize City
41%
Delta Air Lines Bozeman
41%
Delta Connection Charlottesville
41%
Delta Air Lines Daytona Beach
41%
Delta Air Lines, Delta Connection Gainesville
41%
Delta Air Lines, Delta Connection Gulfport/Biloxi
41%
Delta Connection Lafayette
41%
Delta Air Lines Lagos
41%
Delta Air Lines, Frontier Airlines Montego Bay
41%
Delta Connection South Bend
41%
WestJet Winnipeg
41%
Delta Air Lines Aruba
38%
Delta Air Lines Burlington
38%
Delta Air Lines Cedar Rapids/Iowa City
38%
Delta Air Lines, Frontier Airlines Ontario
38%
Delta Air Lines Saint Kitts
38%
Delta Air Lines, Delta Connection Tri-Cities
38%
Delta Air Lines Venice
38%
Ethiopian Airlines Addis Ababa
35%
Delta Connection Allentown
35%
Delta Air Lines Antigua
35%
Spirit Airlines Atlantic City
35%
Delta Air Lines Eagle/Vail
35%
Delta Air Lines Jackson Hole
35%
Delta Air Lines Melbourne
35%
Delta Air Lines Saint Lucia
35%
Delta Air Lines Saint Thomas
35%
Delta Connection Aspen
32%
Delta Air Lines Destin/Fort Walton Beach
32%
Delta Connection Hilton Head
32%
Delta Air Lines, Delta Connection White Plains
32%
Delta Air Lines, Frontier Airlines Liberia
30%
Delta Air Lines Nice
30%
Delta Air Lines, Delta Connection Roanoke
30%
Delta Connection Alexandria
27%
Delta Air Lines Appleton
27%
Delta Air Lines Grand Cayman
27%
Delta Air Lines Kahului
27%
Delta Connection Moline/Quad Cities
27%
Delta Air Lines Palm Springs
27%
Delta Air Lines Tel Aviv
27%
Delta Connection Bloomington/Normal
24%
Delta Air Lines Cartagena
24%
Delta Air Lines, Delta Connection Evansville
24%
Delta Air Lines Hayden/Steamboat Springs
24%
Delta Air Lines Providenciales
24%
Delta Air Lines Saint Croix
24%
Delta Air Lines Traverse City
24%
Delta Connection George Town
22%
Delta Air Lines Montrose
22%
Frontier Airlines Trenton
22%
Delta Air Lines, Southwest Airlines Panama City (FL)
19%
Delta Air Lines Saint Martin
19%
Delta Air Lines Cozumel
16%
Delta Air Lines Düsseldorf
16%
Delta Connection Monroe
16%
Delta Connection Valdosta
16%
Delta Air Lines Bonaire
14%
Delta Connection Brunswick
14%
Frontier Airlines Newburgh
14%
Delta Air Lines Roatán
14%
Delta Connection Dothan
11%
Delta Connection Marsh Harbour
11%
Delta Air Lines Stuttgart
11%
Delta Connection North Eleuthera
8%
No matching quizzes found
Score Distribution
Percent of People with Each Score
Percentile by Number Answered
Your Score History
You have not taken this quiz since the last reset